| 000 | 00548nam a2200181 a 4500 | ||
|---|---|---|---|
| 001 | BRCA_575 | ||
| 005 | 20190320203053.0 | ||
| 008 | 171005s1988-------a---###---#000-0#eng-# | ||
| 020 | _a1851700803 | ||
| 050 | 4 |
_aNK2529 _b.M33 1988 |
|
| 100 | 1 |
_aMacquoid, Percy _d1852-1925 _91985 |
|
| 245 | 1 | 0 |
_aA History of English Furniture _cPercy Macquoid, R.I. |
| 260 |
_aLondres _bBracken Books _c1988 |
||
| 300 |
_a416 p. _bil. (algunas a color) _c36 cm. |
||
| 500 | _aIncluye índice alfabético | ||
| 650 | 1 | 4 |
_aMuebles ingleses _xHistoria _91986 |
| 942 |
_2lcc _cB |
||
| 999 |
_c505 _d505 |
||